<The> Foundations of economic policy values and techniques

Salvato in:
Dettagli Bibliografici
Autore principale: Acocella, Nicola
Altri autori: Jones, Brendan
Natura: Libro
Lingua:inglese
Pubblicazione: Cambridge Cambridge University Press 1998
Soggetti:
Tags: Aggiungi Tag
Nessun Tag, puoi essere il primo ad aggiungerne!!

MARC

LEADER 00000nam a2200000 4500
001 c114681
005 20230220122202.9
020 |a 0-521-58638-0 
041 0 |a eng 
044 |a GB 
245 1 0 |a <The> Foundations of economic policy  |b values and techniques  |c Nicola Acocella ; [translated from the Italian by Brendan Jones] 
264 1 |a Cambridge  |b Cambridge University Press  |c 1998 
300 |a 519 s. 
610 2 0 |a politika hospodárska 
610 2 0 |a hospodárstvo národné 
610 2 0 |a socializmus 
610 2 0 |a úroveň životná 
610 2 0 |a mikroekonomika 
610 2 0 |a makroekonomika 
610 2 0 |a teórie ekonomické 
610 2 0 |a trh 
610 2 0 |a hospodárstvo uzatvorené 
610 2 0 |a politika fiškálna 
610 2 0 |a príjmy 
610 2 0 |a ceny 
610 2 0 |a hospodárstvo otvorené 
610 2 0 |a kurz devízový 
610 2 0 |a bilancie 
100 1 |a Acocella, Nicola 
700 1 |a Jones, Brendan